| 000 | 00996cam6a220021700 4500 | ||
|---|---|---|---|
| 001 | tmp15712028 | ||
| 003 | UPRA | ||
| 005 | 20190814122417.0 | ||
| 008 | 951010s1971 nr eng u | ||
| 035 | _a(Sirsi) r17170 | ||
| 035 | _a(UPRA)tmp15712028 | ||
| 040 | _cUPRA | ||
| 100 | 1 |
_aDosekun, F. O. _6A75049.1 |
|
| 245 | 1 | 4 |
_aThe place of physiological sciences in medicine : _binaugural lecture delivered at the opening ceremony of the University of Lagos Medical School, on the 3rd of October 1962. |
| 260 |
_a[Lagos] : _bUniveristy of Lagos, _c1971. |
||
| 490 | 1 | _aInaugural lecture series. Special number | |
| 650 | 0 |
_aPhysiology. _6S134.1 |
|
| 810 | 1 |
_aLagos. University. Inaugural lectures series. Special number. _bLagos. University. Inaugural lectures series. Special number. _tLagos. University. Inaugural lectures series. Special number. _pLagos. University. Inaugural lectures series. Special number. _6S11864.1 |
|
| 949 |
_aQP71 _wLC _i-12527 _mMEDICAL _tBOOK _lON-SHELF |
||
| 004 | 17170 | ||
| 999 |
_c52180 _d52180 |
||